Southville International School and Colleges
Your cart is empty.
  • Cart
  • Lists
    Public lists Eva Luna New books Lux_list list_1
    Your lists Log in to create your own lists
  • Log in to your account
  • Your cookies
  • Search history
Southville International School and Colleges
  • Advanced search
  • Recent comments
  • Most popular
  • Libraries

Log in to your account

Log in with GOOGLE


If you do not have an external account, but do have a local account, you can still log in:

  1. Home
  2. MARC view: The Ryrie study Bible :
Normal view MARC view ISBD view

The Ryrie study Bible : (Record no. 9378)

[ view plain ]
MARC details
000 -LEADER
fixed length control field 00983cam a2200253 i 4500
001 - CONTROL NUMBER
control field 2736216
003 - CONTROL NUMBER IDENTIFIER
control field OSt
005 - DATE AND TIME OF LATEST TRANSACTION
control field 20140310182110.0
008 - FIXED-LENGTH DATA ELEMENTS--GENERAL INFORMATION
fixed length control field 780705s1978 iluaf 000 0 eng
010 ## - LIBRARY OF CONGRESS CONTROL NUMBER
LC control number 78004157
020 ## - INTERNATIONAL STANDARD BOOK NUMBER
International Standard Book Number 0802474713
040 ## - CATALOGING SOURCE
Original cataloging agency DLC
Transcribing agency DLC
Modifying agency DLC
050 00 - LIBRARY OF CONGRESS CALL NUMBER
Classification number BS 195
Item number .N35 1978
082 00 - DEWEY DECIMAL CLASSIFICATION NUMBER
Classification number HS 220.5204
Item number R894 1978
130 0# - MAIN ENTRY--UNIFORM TITLE
Uniform title Bible.
Language of a work English.
Version Authorized.
Date of a work 1978.
9 (RLIN) 13401
245 14 - TITLE STATEMENT
Title The Ryrie study Bible :
Remainder of title King James version : with introductions, annotations, outlines, marginal references, harmony of the Gospels, subject index, synposis of Bible doctrine, concordance, maps, and timeline charts /
Statement of responsibility, etc Charles Caldwell Ryrie.
260 ## - PUBLICATION, DISTRIBUTION, ETC. (IMPRINT)
Place of publication, distribution, etc Chicago :
Name of publisher, distributor, etc Moody Press,
Date of publication, distribution, etc c1978.
300 ## - PHYSICAL DESCRIPTION
Extent q 2100 p., [16] leaves of plates :
Other physical details ill. ;
Dimensions 24 cm.
650 ## - SUBJECT ADDED ENTRY--TOPICAL TERM
Topical term or geographic name as entry element . Bible. English. New American standard
9 (RLIN) 13402
700 1# - ADDED ENTRY--PERSONAL NAME
Personal name Ryrie, Charles Caldwell,
Dates associated with a name 1925-
9 (RLIN) 13403
906 ## - LOCAL DATA ELEMENT F, LDF (RLIN)
a 7
b cbc
c orignew
d 1
e ocip
f 19
g y-gencatlg
942 ## - ADDED ENTRY ELEMENTS (KOHA)
Source of classification or shelving scheme Library of Congress Classification
Holdings
Withdrawn status Lost status Source of classification or shelving scheme Damaged status Home library Current library Shelving location Date acquired Total Checkouts Full call number Barcode Date last seen Date checked out Price effective from Koha item type
    Library of Congress Classification   Luxembourg Library Luxembourg Library High School Section 08/24/2013 1 BS 195 .N35 1998 4167 01/31/2017 01/31/2017 10/03/2013 Books

The Ryrie study Bible :

APA

Ryrie C. C., . (1978). The Ryrie study Bible. Chicago: Moody Press.

Chicago

Ryrie Charles Caldwell, . 1978. The Ryrie study Bible. Chicago: Moody Press.

Harvard

Ryrie C. C., . (1978). The Ryrie study Bible. Chicago: Moody Press.

MLA

Ryrie Charles Caldwell, . The Ryrie study Bible. Chicago: Moody Press. 1978.

  • Place hold
  • Print
  • Cite
  • Add to your cart (remove)
  • Save record
    BIBTEX Dublin Core MARCXML MARC (non-Unicode/MARC-8) MARC (Unicode/UTF-8) MARC (Unicode/UTF-8, Standard) MODS (XML) RIS
  • More searches
    Search for this title in:
    Other Libraries (WorldCat) Other Databases (Google Scholar) Online Stores (Bookfinder.com) Open Library (openlibrary.org)

Exporting to Dublin Core...

SOUTHVILLE LIBRARY

Southville International School and Colleges Library

1281 Tropical Ave. Cor. Luxembourg St., BF Homes International, Las Pinas City

Tel. No. 8256374 / 252358 Loc. 117/146

Powered by Koha